Emojis by US State - Statistics

General Stats
  • This quiz has been taken 302 times
    69 since last reset
  • The average score is 8 of 20
Answer Stats
Hint Answer % Correct
๐Ÿฎ๐Ÿค ๐Ÿฅฉ Texas
84%
๐Ÿช™๐Ÿ„๐Ÿ“ฝ๏ธ California
64%
๐ŸงŠ๐Ÿปโ€โ„โค๏ธ Alaska
62%
๐ŸŒž๐Ÿซ ๐ŸŒต Arizona
62%
๐ŸŽฐ๐ŸŽฒ๐ŸŒ„ Nevada
53%
๐Ÿ—ผ๐Ÿš•๐ŸŒ‰ New York
47%
๐Ÿ‘๐Ÿฅœโ›ช Georgia
40%
๐ŸŒช๏ธ๐Ÿ‘จโ€๐ŸŒพโ›ช Oklahoma
40%
๐Ÿซ๐Ÿฆ…๐Ÿˆ Pennsylvania
40%
๐Ÿ„๐Ÿ’™โ˜• Hawaii
36%
โ›ฐ๏ธโ›ท๏ธ๐Ÿšฒ Colorado
33%
๐Ÿฉด๐ŸŒด๐Ÿฅฅ Florida
31%
๐Ÿ™๏ธ๐ŸŒฝ๐ŸŽฉ Illinois
29%
๐ŸŒฒ๐Ÿฆ†๐Ÿฅพ Oregon
29%
๐ŸŽธโ›ฐ๏ธ๐ŸŽต Tennessee
29%
๐Ÿซ˜๐Ÿง ๐Ÿซ– Massachusetts
27%
๐Ÿฆข๐ŸŽบ๐Ÿฆ Louisiana
24%
๐Ÿš˜๐Ÿฅฃโ„ Michigan
13%
๐Ÿซ๐Ÿšตโ€โ™‚๏ธ๐Ÿ€ North Carolina
13%
๐Ÿ›ฃ๏ธ๐Ÿš”๐Ÿ™‹โ€โ™‚๏ธ Ohio
13%
No matching quizzes found
Score Distribution
Percent of People with Each Score
Percentile by Number Answered
Your Score History
You have not taken this quiz since the last reset